<?xml version="1.0" encoding="UTF-8"?>
<record
    xmlns:xsi="http://www.w3.org/2001/XMLSchema-instance"
    xsi:schemaLocation="http://www.loc.gov/MARC21/slim http://www.loc.gov/standards/marcxml/schema/MARC21slim.xsd"
    xmlns="http://www.loc.gov/MARC21/slim">

  <leader>04434nab a22008177  4500</leader>
  <controlfield tag="003">AR-RoUNA</controlfield>
  <datafield tag="022" ind1=" " ind2=" ">
    <subfield code="a">0327-9022</subfield>
  </datafield>
  <datafield tag="040" ind1=" " ind2=" ">
    <subfield code="a">AR-RoUNA</subfield>
    <subfield code="b">spa</subfield>
  </datafield>
  <datafield tag="041" ind1=" " ind2=" ">
    <subfield code="a">spa</subfield>
  </datafield>
  <datafield tag="044" ind1=" " ind2=" ">
    <subfield code="a">ag</subfield>
  </datafield>
  <datafield tag="245" ind1=" " ind2=" ">
    <subfield code="a">Summa+ /</subfield>
    <subfield code="b">Hoteles, Comercios y Oficinas</subfield>
  </datafield>
  <datafield tag="260" ind1=" " ind2=" ">
    <subfield code="a">Buenos Aires (Argentina):</subfield>
    <subfield code="c">Donn SA,</subfield>
    <subfield code="b">1993.</subfield>
  </datafield>
  <datafield tag="300" ind1=" " ind2=" ">
    <subfield code="a">144 p. :</subfield>
    <subfield code="b">il. byn.</subfield>
    <subfield code="b">planos</subfield>
    <subfield code="c">34X25 cm.</subfield>
  </datafield>
  <datafield tag="505" ind1="0" ind2=" ">
    <subfield code="t">INDICE</subfield>
  </datafield>
  <datafield tag="505" ind1="0" ind2=" ">
    <subfield code="t">HOTELES DISPERSOS, COMERCIOS M&#xCD;NIMOS Y OFICINAS ENVUELTAS,</subfield>
    <subfield code="a">Constanza Chiozza, Valeria Matayoshi, Gustavo Alonso Serafin y Mart&#xED;n Di Peco / Hoteles dispersos, comercios m&#xED;nimos y oficinas envueltas. p. 1
</subfield>
  </datafield>
  <datafield tag="505" ind1="0" ind2=" ">
    <subfield code="t">CARTELERA</subfield>
  </datafield>
  <datafield tag="505" ind1="0" ind2=" ">
    <subfield code="a">Constanza Chiozza / Arquitecturas entre el paisaje. p. 8</subfield>
  </datafield>
  <datafield tag="505" ind1="0" ind2=" ">
    <subfield code="t">DISPERSI&#xD3;N CORDELLERANA</subfield>
  </datafield>
  <datafield tag="505" ind1="0" ind2=" ">
    <subfield code="a">Felipe Assadi, Francisca Pulido / Hotel Awasi Patagonia, Torres del Paine, Chile , 2014. p. 10</subfield>
  </datafield>
  <datafield tag="505" ind1="0" ind2=" ">
    <subfield code="t">ASOMANDO SOBRE EL VOLC&#xC1;N </subfield>
  </datafield>
  <datafield tag="505" ind1="0" ind2=" ">
    <subfield code="a">Daniel Moreno Flores, Jorge Javier Andrade Ben&#xED;tez, Javier Mera Luna / Sendero y mirador en la laguna del Quilotoa en la Comunidad Shalal&#xE1;. p. 20</subfield>
  </datafield>
  <datafield tag="505" ind1="0" ind2=" ">
    <subfield code="a">AP&#xC9;NDICES INFRAESTRUCTURALES</subfield>
  </datafield>
  <datafield tag="505" ind1="0" ind2=" ">
    <subfield code="a">Alicia Ferrer / Pabell&#xF3;n Puente, Valle de Clamuchita, Provincia de C&#xF3;rdoba, Argentina, 2014. p. 26</subfield>
  </datafield>
  <datafield tag="505" ind1="0" ind2=" ">
    <subfield code="a">Alicia Ferrer / Asador Movimiento, Provincia de C&#xF3;rdoba, Argentina, 2012. p. 32</subfield>
  </datafield>
  <datafield tag="505" ind1="0" ind2=" ">
    <subfield code="a">Valeria Matayoshi / El hotel Okura de Tokio: &#xBF;El pasado presente?. p. 34</subfield>
  </datafield>
  <datafield tag="505" ind1="0" ind2=" ">
    <subfield code="a">Mart&#xED;n Di Peco / Cuesti&#xF3;n de Pieles. p. 42</subfield>
  </datafield>
  <datafield tag="505" ind1="0" ind2=" ">
    <subfield code="t">C&#xC1;SCARA, PULPA Y VITAMINA</subfield>
  </datafield>
  <datafield tag="505" ind1="0" ind2=" ">
    <subfield code="a">AFT Arquitectos / Casa Naranja - Sede Corporativa Tarjeta Naranja, Provincia de C&#xF3;rdoba, Argentina, 2015. p. 44</subfield>
  </datafield>
  <datafield tag="505" ind1="0" ind2=" ">
    <subfield code="t">VELO FLAMEANTE</subfield>
  </datafield>
  <datafield tag="505" ind1="0" ind2=" ">
    <subfield code="a">Alejandro Gawianski / HIT 3, La Pampa 1391, Ciudad Aut&#xF3;noma de Buenos Aires, Argentina, 2014. p. 58</subfield>
  </datafield>
  <datafield tag="505" ind1="0" ind2=" ">
    <subfield code="t">FILTRO EDITORIAL</subfield>
  </datafield>
  <datafield tag="505" ind1="0" ind2=" ">
    <subfield code="a">Bernades Arquitectura / Edificio An&#xED;bal, Rio de Janeiro, Brasil, 2015. p. 64</subfield>
  </datafield>
  <datafield tag="505" ind1="0" ind2=" ">
    <subfield code="t">LA CONSOLIDACI&#xD3;N URBANA DEL EDIFICIO-TORRE EN TRES CONCURSOS, Gonzalo Carrasco Purull. p. 70</subfield>
  </datafield>
  <datafield tag="505" ind1="0" ind2=" ">
    <subfield code="t">UNA EXPERIENCIA PARA LOS SENTIDOS, Valeria Matayoshi. p. 78</subfield>
  </datafield>
  <datafield tag="505" ind1="0" ind2=" ">
    <subfield code="t">EXPANSIONES EN LA TERRAZA</subfield>
  </datafield>
  <datafield tag="505" ind1="0" ind2=" ">
    <subfield code="a">IT MET(Facundo Fern&#xE1;ndez - Maxi Ciovich - Natalia Lucero / Camping, Recoleta, CABA, 2015. p. 80</subfield>
  </datafield>
  <datafield tag="505" ind1="0" ind2=" ">
    <subfield code="t">UN PABELL&#xD3;N EN EL JARD&#xCD;N </subfield>
  </datafield>
  <datafield tag="505" ind1="0" ind2=" ">
    <subfield code="a">OMMA / Pabell&#xF3;n de Cristal MNAV, Museo Nacional de Artes Visuales, Montevideo, uruguay, 2015. p.86</subfield>
  </datafield>
  <datafield tag="505" ind1="0" ind2=" ">
    <subfield code="t">INTERIOR MAXIMIZADO</subfield>
  </datafield>
  <datafield tag="505" ind1="0" ind2=" ">
    <subfield code="a">Ernesto Bedmar / Restaurante el Papagayo, Arturo M. Bas 69, Provincia de C&#xF3;rdoba, Argentina, 2015.p.92</subfield>
  </datafield>
  <datafield tag="505" ind1="0" ind2=" ">
    <subfield code="t">RESQUICIO URBANO</subfield>
  </datafield>
  <datafield tag="505" ind1="0" ind2=" ">
    <subfield code="a">IR Arquitectura / Smoothway Soler, Palermo, CABA, Argentina, 2013. p. 98</subfield>
  </datafield>
  <datafield tag="505" ind1="0" ind2=" ">
    <subfield code="t">ARQUITECTURA DESPLAZABLE, Constanza Chiozza. p. 104</subfield>
  </datafield>
  <datafield tag="505" ind1="0" ind2=" ">
    <subfield code="t">TECNOLOG&#xCD;A MATERIAL Y ARQUITECTURA CAPSULAR</subfield>
  </datafield>
  <datafield tag="505" ind1="0" ind2=" ">
    <subfield code="a">Resrless Sphere (Esfera Inquieta) / Coop Himmelb (L) AU, Basel, Suiza, 1971. p. 105</subfield>
  </datafield>
  <datafield tag="505" ind1="0" ind2=" ">
    <subfield code="t">BUBUJAS M&#xD3;VILES</subfield>
  </datafield>
  <datafield tag="505" ind1="0" ind2=" ">
    <subfield code="a">Spacebuster (Caza Espacial) / Raumlaborberlin, Nueva York, Estados Unidos, 2009. p. 107</subfield>
  </datafield>
  <datafield tag="505" ind1="0" ind2=" ">
    <subfield code="t">PEQUE&#xD1;AS ARQUITECTURAS SOBRE RUEDAS</subfield>
  </datafield>
  <datafield tag="505" ind1="0" ind2=" ">
    <subfield code="a">Studio 106 architec / Studio 106 Has &#xA8;Gone Mobile&#xA8;, Ponsonby, Auckland, Nueva Zelanda, 2016. p. 108</subfield>
  </datafield>
  <datafield tag="505" ind1="0" ind2=" ">
    <subfield code="t">MOVILIDAD AUTO-PRODUCTORA</subfield>
  </datafield>
  <datafield tag="505" ind1="0" ind2=" ">
    <subfield code="a">Tuk Tuk Factory B.V / E-Tuk, Holanda, 2012. p. 109</subfield>
  </datafield>
  <datafield tag="505" ind1="0" ind2=" ">
    <subfield code="t">NOMADISMO URBANO</subfield>
  </datafield>
  <datafield tag="505" ind1="0" ind2=" ">
    <subfield code="a">El Gran Aula / A77 - Coza - Maquila, Buenos Aires Ciudad. p. 110</subfield>
  </datafield>
  <datafield tag="505" ind1="0" ind2=" ">
    <subfield code="a">Edson Da China Mahfuz / Saint Catherine&#xB4;s College de Oxford - Arne Jacobsen. p. 112</subfield>
  </datafield>
  <datafield tag="505" ind1="0" ind2=" ">
    <subfield code="t">UN MUSEO IMAGINARIO</subfield>
  </datafield>
  <datafield tag="505" ind1="0" ind2=" ">
    <subfield code="a">Ruth Verde Zein / El esperado retorno de los caballetes. p. 116</subfield>
  </datafield>
  <datafield tag="505" ind1="0" ind2=" ">
    <subfield code="t">FLOTANDO ENTRE MONTA&#xD1;AS</subfield>
  </datafield>
  <datafield tag="505" ind1="0" ind2=" ">
    <subfield code="a">Pavilion of reflections, Lago Z&#xFA;rich, Suiza, 2016. p. 120</subfield>
  </datafield>
  <datafield tag="505" ind1="0" ind2=" ">
    <subfield code="t">PREMIOS XBIAU</subfield>
  </datafield>
  <datafield tag="505" ind1="0" ind2=" ">
    <subfield code="t">CLONMACNOISE EN PAPEL, Ignacio Ros de Olano. p. 125</subfield>
  </datafield>
  <datafield tag="505" ind1="0" ind2=" ">
    <subfield code="t">LA DRAGA Y LA GLORIETA, Mario Sabugo. p. 126</subfield>
  </datafield>
  <datafield tag="505" ind1="0" ind2=" ">
    <subfield code="t">MONUMENTOS REVOLUCIONARIOS, Roberto Fern&#xE1;ndez. p. 127</subfield>
  </datafield>
  <datafield tag="505" ind1="0" ind2=" ">
    <subfield code="t">ZAHA HADID (1950-2016)</subfield>
  </datafield>
  <datafield tag="505" ind1="0" ind2=" ">
    <subfield code="a">Malca Mizrahi / La heroica obra arquitect&#xF3;nica que trasncedi&#xF3; el papel, la superficie y el espacio. p. 128 </subfield>
  </datafield>
  <datafield tag="650" ind1=" " ind2=" ">
    <subfield code="2">Arquitectura contepor&#xE1;nea</subfield>
  </datafield>
  <datafield tag="773" ind1="0" ind2=" ">
    <subfield code="a">Summa+</subfield>
    <subfield code="d">Buenos Aires, Argentina</subfield>
    <subfield code="g">N&#xBA;150 (jun, 2016), p. 128</subfield>
    <subfield code="x">0327-9022</subfield>
  </datafield>
  <datafield tag="908" ind1=" " ind2=" ">
    <subfield code="a">Imp</subfield>
  </datafield>
  <datafield tag="942" ind1=" " ind2=" ">
    <subfield code="2">udc</subfield>
    <subfield code="c">ART</subfield>
  </datafield>
  <datafield tag="945" ind1=" " ind2=" ">
    <subfield code="d">2022-07-08</subfield>
  </datafield>
  <datafield tag="980" ind1=" " ind2=" ">
    <subfield code="6">138</subfield>
    <subfield code="a">Carolina Rainero</subfield>
    <subfield code="8">138</subfield>
    <subfield code="g">Carolina Rainero</subfield>
  </datafield>
  <datafield tag="999" ind1=" " ind2=" ">
    <subfield code="c">12305</subfield>
    <subfield code="d">12305</subfield>
  </datafield>
  <datafield tag="952" ind1=" " ind2=" ">
    <subfield code="0">0</subfield>
    <subfield code="1">0</subfield>
    <subfield code="2">udc</subfield>
    <subfield code="4">0</subfield>
    <subfield code="7">0</subfield>
    <subfield code="a">AR-RoUNA</subfield>
    <subfield code="b">AR-RoUNA</subfield>
    <subfield code="d">2025-12-09</subfield>
    <subfield code="l">0</subfield>
    <subfield code="p">1002893</subfield>
    <subfield code="r">2025-12-09</subfield>
    <subfield code="t">ej. 1</subfield>
    <subfield code="w">2025-12-09</subfield>
    <subfield code="y">ART</subfield>
    <subfield code="k"></subfield>
    <subfield code="x"></subfield>
  </datafield>
</record>
